Personnages d'anime (manga) en images - K - Statistiques

Statistiques générales
  • Ce quiz a été pris 171 fois
    148 depuis la dernière actualisation
  • Le résultat moyen est 3 sur 20
Statistiques - réponses
Par images Réponse % Correct
Karma Akabane
79%
Kento Nanami
68%
Kon
58%
King Bradley
34%
Kotaro Bokuto
23%
Kuro
22%
Kaito Kuroba
9%
Kaseki
9%
Komekko
3%
Kongming Zhuge
3%
Kasumi Nomura
1%
Klaus von Reinherz
1%
Kanae Shinjo
0%
Kanata Hoshijima
0%
Kapibara-san
0%
Karen Kohiruimaki
0%
Kinji Ninomiya
0%
Kirihime Natsuno
0%
Koharu Hondomachi
0%
Kojo Akatsuki
0%
Aucun quiz correspondant
Distribution des résultats
% des personnes avec chaque résultat
Percentile par nombre de réponses
Votre historique - résultats
Vous n’avez pas pris ce quiz depuis la dernière actualisation